[Event "Romanian-ch Open 2022"]
[Site "Eforie Nord"]
[Date "2022.02.21"]
[Round "2.20"]
[White "Bonte, Andrei-Mihai"]
[Black "Capragiu, Matei-Stefan"]
[Result "1/2-1/2"]
[WhiteElo "2349"]
[BlackElo "1902"]
[Annotator "ChessBase"]
[PlyCount "60"]
[EventDate "2022.02.20"]
[EventType "swiss"]
[EventCountry "ROU"]
[SourceTitle "playchess.com"]
[Source "ChessBase"]
[SourceQuality "1"]
[TimeControl "40/5400+30:900+30"]

1. d4 {[%emt 0:04:17]} Nf6 {[%emt 0:00:09]} 2. Nf3 {[%emt 0:00:19]} g6 {[%emt 0:00:10]} 3. Nbd2 {[%emt 0:02:05]} d5 {[%emt 0:00:40]} 4. e3 {[%emt 0:00:29]} Bg7 {[%emt 0:00:16]} 5. Be2 {[%emt 0:02:41]} O-O {[%emt 0:00:39]} 6. b4 {[%emt 0:04:26]} Nbd7 {[%emt 0:07:18]} 7. O-O {[%emt 0:01:33]} c6 {[%emt 0:01:51]} 8. c4 {[%emt 0:01:46]} Qc7 {[%emt 0:01:00]} 9. Bb2 {[%emt 0:04:21]} dxc4 {[%emt 0:03:17]} 10. Nxc4 {[%emt 0:01:07]} Nd5 {[%emt 0:00:26]} 11. Qb3 {[%emt 0:03:14]} N5b6 {[%emt 0:11:42]} 12. Rfc1 {[%emt 0:07:03]} Nxc4 {[%emt 0:04:44]} 13. Bxc4 {[%emt 0:00:06]} e5 {[%emt 0:00:18]} 14. d5 {[%emt 0:14:21]} Nb6 {[%emt 0:06:01]} 15. Be2 {[%emt 0:06:42]} Bd7 {[%emt 0:04:35]} 16. b5 {[%emt 0:03:48]} Rfd8 {[%emt 0:11:14]} 17. dxc6 {[%emt 0:05:29]} bxc6 {[%emt 0:01:11]} 18. bxc6 {[%emt 0:00:23]} Be6 {[%emt 0:00:19]} 19. Qc2 {[%emt 0:06:32]} h6 {[%emt 0:04:35]} 20. e4 {[%emt 0:03:26]} f5 {[%emt 0:01:24]} 21. a4 {[%emt 0:01:55]} fxe4 {[%emt 0:00:59]} 22. Qxe4 {[%emt 0:00:26]} Bf5 {[%emt 0:00:31]} 23. Bxe5 {[%emt 0:15:00]} Bxe4 {[%emt 0:06:24]} 24. Bxc7 {[%emt 0:00:04]} Rdc8 {[%emt 0:04:22]} 25. a5 {[%emt 0:11:27]} Bxa1 {[%emt 0:28:55]} 26. axb6 {[%emt 0:00:30]} axb6 {[%emt 0:00:30]} 27. Bc4+ {[%emt 0:00:30]} Kg7 {[%emt 0:00:30]} 28. Be2 {[%emt 0:00:30]} Kg8 29. Bxb6 Bxc6 {[%emt 0:01:00]} 30. Ne5 {[%emt 0:01:00]} Be4 {[%emt 0:00:30]} 1/2-1/2

[Event "Romanian-ch Open 2022"]
[Site "Eforie Nord"]
[Date "2022.02.21"]
[Round "2.21"]
[White "Stepanencu, Nicodim-Cosmin"]
[Black "Tudor, Henry Edward"]
[Result "1-0"]
[WhiteElo "2334"]
[BlackElo "1879"]
[Annotator "ChessBase"]
[PlyCount "73"]
[EventDate "2022.02.20"]
[EventType "swiss"]
[EventCountry "ROU"]
[SourceTitle "playchess.com"]
[Source "ChessBase"]
[SourceQuality "1"]
[TimeControl "40/5400+30:900+30"]

1. c4 {[%emt 0:00:07]} c5 {[%emt 0:00:34]} 2. Nf3 {[%emt 0:00:05]} Nc6 {[%emt 0:01:53]} 3. Nc3 {[%emt 0:00:07]} e6 {[%emt 0:01:14]} 4. g3 {[%emt 0:03:27]} g6 {[%emt 0:03:06]} 5. d4 {[%emt 0:04:10]} cxd4 {[%emt 0:08:09]} 6. Nxd4 {[%emt 0:00:32]} a6 {[%emt 0:00:28]} 7. Nxc6 {[%emt 0:22:14]} bxc6 {[%emt 0:01:21]} 8. Qd4 {[%emt 0:03:54]} f6 {[%emt 0:01:03]} 9. f4 {[%emt 0:07:30]} Bb7 {[%emt 0:19:00]} 10. e4 {[%emt 0:06:14]} c5 {[%emt 0:03:37]} 11. Qd3 {[%emt 0:00:59]} f5 {[%emt 0:00:34]} 12. Bg2 {[%emt 0:00:37]} Nf6 {[%emt 0:02:58]} 13. O-O {[%emt 0:00:45]} fxe4 {[%emt 0:02:09]} 14. Nxe4 {[%emt 0:00:14]} Nxe4 {[%emt 0:00:06]} 15. Bxe4 {[%emt 0:00:01]} Bxe4 {[%emt 0:00:01]} 16. Qxe4 {[%emt 0:00:01]} Be7 {[%emt 0:00:02]} 17. Be3 {[%emt 0:03:39]} O-O {[%emt 0:01:45]} 18. Rad1 {[%emt 0:00:01]} Qc7 {[%emt 0:02:50]} 19. Rf2 {[%emt 0:03:49]} Rab8 {[%emt 0:06:08]} 20. Rfd2 {[%emt 0:00:39]} Bf6 {[%emt 0:18:23]} 21. Rxd7 {[%emt 0:00:17]} Qa5 {[%emt 0:00:02]} 22. Qxe6+ {[%emt 0:02:54]} Kh8 {[%emt 0:01:20]} 23. b3 {[%emt 0:06:56]} Rbe8 {[%emt 0:04:14]} 24. Qd6 {[%emt 0:00:09]} Qxa2 {[%emt 0:00:11]} 25. Bxc5 {[%emt 0:02:20]} Qxb3 {[%emt 0:01:22]} 26. Qd3 {[%emt 0:02:47]} Qxd3 {[%emt 0:05:19]} 27. R1xd3 {[%emt 0:00:01]} Re1+ {[%emt 0:00:40]} 28. Kf2 {[%emt 0:00:41]} Rfe8 {[%emt 0:00:08]} 29. Be3 {[%emt 0:06:52]} Rh1 {[%emt 0:01:16]} 30. Kg2 {[%emt 0:01:18]} Re1 {[%emt 0:00:34]} 31. Bf2 {[%emt 0:00:21]} Rc1 {[%emt 0:01:50]} 32. c5 {[%emt 0:01:42]} Rc2 {[%emt 0:07:35]} 33. Kf3 {[%emt 0:02:08]} Ree2 {[%emt 0:01:01]} 34. Be3 {[%emt 0:00:01]} Kg8 {[%emt 0:05:53]} 35. R3d6 {[%emt 0:00:01]} Re1 {[%emt 0:01:14]} 36. Rxf6 {[%emt 0:00:35]} Rc3 {[%emt 0:00:00]} 37. Re6 {[%emt 0:00:01]} 1-0

[Event "Romanian-ch Open 2022"]
[Site "Eforie Nord"]
[Date "2022.02.21"]
[Round "2.22"]
[White "Negrean, Andrei"]
[Black "Daianu, Cristian-Clement"]
[Result "1/2-1/2"]
[WhiteElo "1941"]
[BlackElo "2171"]
[Annotator "NA"]
[PlyCount "98"]
[EventDate "2022.02.20"]
[EventType "swiss"]
[EventCountry "ROU"]
[SourceTitle "playchess.com"]
[Source "ChessBase"]
[SourceQuality "1"]
[TimeControl "40/5400+30:900+30"]

1. d4 {[%emt 0:00:10]} Nf6 {[%emt 0:01:51]} 2. Nf3 {[%emt 0:00:28]} g6 {[%emt 0:00:15]} 3. g3 {[%emt 0:00:24]} Bg7 {[%emt 0:00:12]} 4. Bg2 {[%emt 0:00:24]} d5 {[%emt 0:00:12]} 5. O-O {[%emt 0:05:16]} c6 {[%emt 0:04:33]} 6. b3 {[%emt 0:01:41]} O-O {[%emt 0:00:47]} 7. c4 {[%emt 0:02:26]} Ne4 {[%emt 0:00:57]} 8. Bb2 {[%emt 0:02:08]} a5 {[%emt 0:04:31]} 9. Nc3 {[%emt 0:04:54]} Bf5 {[%emt 0:07:46]} 10. e3 {[%emt 0:07:05]} a4 {[%emt 0:11:27]} (10... Nxc3 $11 11. Bxc3 Be4) 11. Nxe4 {[%emt 0:11:35]} ({White should play} 11. Nxa4 $16 Nd7 12. cxd5 cxd5 13. Nd2) 11... Bxe4 {[%emt 0:04:27]} 12. Qe2 {[%emt 0:06:00]} Qb6 {[%emt 0:05:21]} 13. c5 {[%emt 0:20:54]} Qa6 {[%emt 0:01:47]} 14. Qd2 {[%emt 0:12:04]} Nd7 {[%emt 0:02:11]} 15. Rfc1 {[%emt 0:05:54]} b5 {[%emt 0:26:31]} 16. Ne5 {[%emt 0:09:37]} Nxe5 {[%emt 0:05:47]} 17. dxe5 {[%emt 0:01:01]} Bxg2 {[%emt 0:00:28]} 18. Kxg2 {[%emt 0:00:05]} Qc8 {[%emt 0:00:14]} 19. Bd4 {[%emt 0:05:38]} Qe6 {[%emt 0:02:38]} 20. Qc3 {[%emt 0:01:39]} f6 {[%emt 0:00:19]} 21. exf6 {[%emt 0:00:25]} Bxf6 {[%emt 0:00:18]} 22. Qd3 {[%emt 0:01:04]} Qg4 {[%emt 0:04:06]} 23. h3 {[%emt 0:00:33]} Qh5 {[%emt 0:00:11]} 24. Bxf6 {[%emt 0:00:31]} Rxf6 {[%emt 0:00:07]} 25. e4 {[%emt 0:00:29]} Raf8 {[%emt 0:00:51]} 26. Rc2 {[%emt 0:00:31]} Rf3 {[%emt 0:02:05]} 27. Qe2 {[%emt 0:00:29]} Qe5 {[%emt 0:04:46]} 28. Re1 {[%emt 0:00:30]} axb3 {[%emt 0:00:12]} 29. axb3 {[%emt 0:00:13]} Rxb3 {[%emt 0:00:16]} 30. exd5 {[%emt 0:00:47]} Qxd5+ {[%emt 0:00:06]} 31. Qe4 {[%emt 0:00:16]} e6 {[%emt 0:02:33]} 32. Kg1 {[%emt 0:00:43]} Rf6 {[%emt 0:03:01]} 33. Qe5 {[%emt 0:00:31]} Kg7 {[%emt 0:01:55]} (33... Rbf3 $17 34. h4 Qxe5 35. Rxe5 R3f5) 34. Qc7+ {[%emt 0:00:29]} Rf7 {[%emt 0:01:42]} 35. Qd6 {[%emt 0:00:27]} Rd3 {[%emt 0:00:54]} 36. Qxe6 {[%emt 0:00:34]} Rd1 {[%emt 0:00:17]} 37. Qe2 {[%emt 0:00:31]} Rxe1+ {[%emt 0:01:12]} 38. Qxe1 {[%emt 0:00:04]} Qd4 {[%emt 0:00:05]} 39. Qc3 {[%emt 0:00:56]} Rd7 {[%emt 0:01:47]} 40. Kf1 {[%emt 0:00:00]} Qxc3 {[%emt 0:00:00]} 41. Rxc3 {[%emt 0:00:35]} Rd2 {[%emt 0:01:24]} 42. Kg2 {[%emt 0:05:12]} Kf6 {[%emt 0:00:46]} 43. Kf3 $19 {[%emt 0:00:46]} Ke5 {[%emt 0:00:58]} 44. Ke3 {[%emt 0:02:51]} Ra2 {[%emt 0:02:06]} 45. Rd3 {[%emt 0:01:46]} g5 {[%emt 0:01:06]} 46. Rd6 {[%emt 0:07:54]} Ra3+ {[%emt 0:00:53]} 47. Ke2 {[%emt 0:00:00]} Ra2+ {[%emt 0:04:23]} 48. Ke3 {[%emt 0:00:00]} Ra3+ {[%emt 0:01:27]} 49. Ke2 {[%emt 0:00:00]} Ra2+ {[%emt 0:07:29]} 1/2-1/2

[Event "Romanian-ch Open 2022"]
[Site "Eforie Nord"]
[Date "2022.02.21"]
[Round "2.23"]
[White "Coca, Cristi-Iulian"]
[Black "Radu, David Cr."]
[Result "1-0"]
[WhiteElo "2147"]
[BlackElo "1960"]
[Annotator "ChessBase"]
[PlyCount "149"]
[EventDate "2022.02.20"]
[EventType "swiss"]
[EventCountry "ROU"]
[SourceTitle "playchess.com"]
[Source "ChessBase"]
[SourceQuality "1"]
[TimeControl "40/5400+30:900+30"]

1. b3 {[%emt 0:03:24]} d5 {[%emt 0:00:47]} 2. Nf3 {[%emt 0:00:29]} Nf6 {[%emt 0:00:49]} 3. Bb2 {[%emt 0:00:10]} e6 {[%emt 0:01:01]} 4. g3 {[%emt 0:02:37]} Be7 {[%emt 0:02:46]} 5. Bg2 {[%emt 0:00:08]} O-O {[%emt 0:00:44]} 6. O-O {[%emt 0:00:13]} c5 {[%emt 0:00:39]} 7. d3 {[%emt 0:03:57]} Nc6 {[%emt 0:04:52]} 8. Nbd2 {[%emt 0:02:32]} d4 {[%emt 0:07:39]} 9. e4 {[%emt 0:05:36]} e5 {[%emt 0:02:49]} 10. a4 {[%emt 0:01:37]} Qc7 {[%emt 0:04:37]} 11. Nc4 {[%emt 0:01:27]} b6 {[%emt 0:03:15]} 12. Bc1 {[%emt 0:04:03]} Bb7 {[%emt 0:03:14]} 13. Nh4 {[%emt 0:01:32]} g6 {[%emt 0:07:07]} 14. f4 {[%emt 0:04:50]} a6 {[%emt 0:13:36]} 15. fxe5 {[%emt 0:15:45]} Nd7 {[%emt 0:00:13]} 16. Bh6 {[%emt 0:06:09]} Ndxe5 {[%emt 0:02:54]} 17. Bxf8 {[%emt 0:03:44]} Rxf8 {[%emt 0:00:11]} 18. Nf3 {[%emt 0:05:49]} Bc8 {[%emt 0:08:41]} 19. Nfxe5 {[%emt 0:03:29]} Nxe5 {[%emt 0:00:08]} 20. Qd2 {[%emt 0:00:54]} f6 {[%emt 0:07:53]} 21. Nxe5 {[%emt 0:04:09]} Qxe5 {[%emt 0:00:11]} 22. Qh6 {[%emt 0:02:34]} Be6 {[%emt 0:11:15]} 23. Bh3 {[%emt 0:02:19]} Bf7 {[%emt 0:02:04]} 24. Qf4 {[%emt 0:01:22]} Kg7 {[%emt 0:01:36]} 25. Rf3 {[%emt 0:10:39]} Rd8 {[%emt 0:03:14]} 26. Raf1 {[%emt 0:04:30]} Bg8 {[%emt 0:00:32]} 27. Qg4 {[%emt 0:02:34]} Kh8 {[%emt 0:03:14]} 28. Qh4 {[%emt 0:01:08]} Kg7 {[%emt 0:00:48]} 29. Qf4 {[%emt 0:02:24]} a5 {[%emt 0:01:02]} 30. Qd2 {[%emt 0:00:37]} Rf8 {[%emt 0:03:53]} 31. Bd7 {[%emt 0:00:44]} Rd8 {[%emt 0:00:54]} 32. Bb5 {[%emt 0:00:24]} Be6 {[%emt 0:00:12]} 33. Qf4 {[%emt 0:01:05]} Rf8 {[%emt 0:02:12]} 34. Bc4 {[%emt 0:02:16]} Bxc4 {[%emt 0:01:49]} 35. bxc4 {[%emt 0:00:06]} Bd6 {[%emt 0:00:05]} 36. Qg4 {[%emt 0:01:33]} h5 {[%emt 0:00:42]} 37. Qd7+ {[%emt 0:00:29]} Rf7 {[%emt 0:00:07]} 38. Qc6 {[%emt 0:00:32]} Bc7 {[%emt 0:01:12]} 39. Rxf6 {[%emt 0:00:42]} Rxf6 {[%emt 0:00:10]} 40. Rxf6 {[%emt 0:00:00]} Qxf6 {[%emt 0:00:00]} 41. Qxc7+ {[%emt 0:00:05]} Kg8 {[%emt 0:01:34]} 42. Kg2 {[%emt 0:00:22]} h4 {[%emt 0:03:11]} 43. Qf4 {[%emt 0:00:57]} Qc6 {[%emt 0:00:04]} 44. Kh3 {[%emt 0:07:43]} Qxa4 {[%emt 0:05:32]} 45. Kxh4 {[%emt 0:01:04]} Qc6 {[%emt 0:01:25]} 46. Kg5 {[%emt 0:01:43]} Kg7 {[%emt 0:03:50]} 47. Qe5+ {[%emt 0:01:53]} Kf7 {[%emt 0:00:02]} 48. Qh8 {[%emt 0:01:04]} a4 {[%emt 0:01:44]} 49. Qh7+ {[%emt 0:00:08]} Ke6 {[%emt 0:00:05]} 50. Qxg6+ {[%emt 0:01:27]} Kd7 {[%emt 0:00:05]} 51. Qf7+ {[%emt 0:01:57]} Kc8 {[%emt 0:00:14]} 52. h4 {[%emt 0:00:00]} a3 {[%emt 0:03:34]} 53. Qa7 {[%emt 0:02:42]} Qd6 {[%emt 0:00:05]} 54. Qa6+ {[%emt 0:01:54]} Kb8 {[%emt 0:00:23]} 55. Qxa3 {[%emt 0:00:54]} Qxg3+ {[%emt 0:00:07]} 56. Kf5 {[%emt 0:00:12]} Qf3+ {[%emt 0:01:12]} 57. Ke5 {[%emt 0:00:29]} Qh5+ {[%emt 0:00:20]} 58. Kd6 {[%emt 0:00:11]} Qg6+ {[%emt 0:00:46]} 59. Kd5 {[%emt 0:00:31]} Kb7 {[%emt 0:00:44]} 60. Qc1 {[%emt 0:00:34]} Qf7+ {[%emt 0:00:44]} 61. Ke5 {[%emt 0:00:18]} Qe7+ {[%emt 0:00:06]} 62. Kf5 {[%emt 0:00:13]} Qxh4 {[%emt 0:00:58]} 63. Qf4 {[%emt 0:00:48]} Qh3+ {[%emt 0:00:34]} 64. Kf6 {[%emt 0:00:21]} Qh8+ {[%emt 0:00:19]} 65. Ke7 {[%emt 0:00:09]} Qg7+ {[%emt 0:00:33]} 66. Qf7 {[%emt 0:00:13]} Qe5+ {[%emt 0:00:16]} 67. Kd8+ {[%emt 0:00:04]} Ka6 {[%emt 0:00:55]} 68. Qc7 {[%emt 0:02:27]} Qh8+ {[%emt 0:00:29]} 69. Kd7 {[%emt 0:00:07]} Qh3+ {[%emt 0:00:17]} 70. Kd6 {[%emt 0:00:41]} Qh6+ {[%emt 0:00:43]} 71. Kd5 {[%emt 0:00:16]} Qg5+ {[%emt 0:00:31]} 72. e5 {[%emt 0:00:16]} Ka5 {[%emt 0:00:28]} 73. Qa7+ {[%emt 0:00:41]} Kb4 {[%emt 0:00:06]} 74. Qxb6+ {[%emt 0:00:11]} Kc3 {[%emt 0:00:06]} 75. Qxc5 {[%emt 0:00:20]} 1-0

[Event "Romanian-ch Open 2022"]
[Site "Eforie Nord"]
[Date "2022.02.21"]
[Round "2.24"]
[White "Creanga, Robert-Ionut"]
[Black "Ciobanu, Bogdan"]
[Result "1-0"]
[WhiteElo "2115"]
[BlackElo "1933"]
[Annotator "ChessBase"]
[PlyCount "69"]
[EventDate "2022.02.20"]
[EventType "swiss"]
[EventCountry "ROU"]
[SourceTitle "playchess.com"]
[Source "ChessBase"]
[SourceQuality "1"]
[TimeControl "40/5400+30:900+30"]

1. d4 {[%emt 0:00:13]} Nf6 {[%emt 0:00:23]} 2. c4 {[%emt 0:00:08]} e6 {[%emt 0:00:04]} 3. Nc3 {[%emt 0:00:05]} d5 {[%emt 0:00:05]} 4. cxd5 {[%emt 0:00:06]} exd5 {[%emt 0:00:06]} 5. Bg5 {[%emt 0:00:06]} Be7 {[%emt 0:00:09]} 6. e3 {[%emt 0:00:16]} c6 {[%emt 0:00:10]} 7. Bd3 {[%emt 0:00:23]} Nbd7 {[%emt 0:00:33]} 8. h3 {[%emt 0:00:19]} O-O {[%emt 0:03:58]} 9. Qc2 {[%emt 0:00:25]} Re8 {[%emt 0:00:24]} 10. Nf3 {[%emt 0:01:05]} Nf8 {[%emt 0:00:47]} 11. O-O {[%emt 0:00:17]} Ne4 {[%emt 0:12:27]} 12. Bf4 {[%emt 0:00:39]} Nxc3 {[%emt 0:09:13]} 13. bxc3 {[%emt 0:01:10]} Be6 {[%emt 0:17:30]} 14. a4 {[%emt 0:04:02]} Bd6 {[%emt 0:07:11]} 15. Bxd6 {[%emt 0:04:02]} Qxd6 {[%emt 0:00:06]} 16. Rfc1 {[%emt 0:05:14]} Rac8 {[%emt 0:04:12]} 17. a5 {[%emt 0:05:52]} c5 {[%emt 0:10:45]} 18. Qb2 {[%emt 0:09:41]} c4 {[%emt 0:06:27]} 19. Bb1 {[%emt 0:00:41]} Rc7 {[%emt 0:00:55]} 20. Re1 {[%emt 0:03:14]} Nd7 {[%emt 0:13:15]} 21. e4 {[%emt 0:04:02]} dxe4 {[%emt 0:00:16]} 22. Bxe4 {[%emt 0:01:14]} Rb8 {[%emt 0:01:30]} 23. Ng5 {[%emt 0:04:33]} Nf6 {[%emt 0:01:09]} 24. Nxe6 {[%emt 0:03:00]} fxe6 {[%emt 0:00:06]} 25. Bf3 {[%emt 0:03:50]} g6 {[%emt 0:01:18]} 26. Qb5 {[%emt 0:08:25]} Kf7 {[%emt 0:01:25]} 27. Re5 {[%emt 0:02:41]} Nd7 {[%emt 0:02:39]} 28. Re3 {[%emt 0:01:20]} a6 {[%emt 0:01:35]} 29. Qg5 {[%emt 0:01:19]} b5 {[%emt 0:00:58]} 30. Bg4 {[%emt 0:02:02]} Nf8 {[%emt 0:01:23]} 31. Rae1 {[%emt 0:01:29]} Re8 {[%emt 0:00:40]} 32. d5 {[%emt 0:07:39]} Rce7 {[%emt 0:03:22]} 33. dxe6+ {[%emt 0:01:49]} Nxe6 {[%emt 0:00:09]} 34. Rf3+ {[%emt 0:00:32]} Kg8 {[%emt 0:00:10]} 35. Qf6 {[%emt 0:00:52]} 1-0

[Event "Romanian-ch Open 2022"]
[Site "Eforie Nord"]
[Date "2022.02.21"]
[Round "2.25"]
[White "Dragomirescu, Calin"]
[Black "Mazilu, Stefan-Fabian"]
[Result "0-1"]
[WhiteElo "2092"]
[BlackElo "1886"]
[Annotator "ChessBase"]
[PlyCount "56"]
[EventDate "2022.02.20"]
[EventType "swiss"]
[EventCountry "ROU"]
[SourceTitle "playchess.com"]
[Source "ChessBase"]
[SourceQuality "1"]
[TimeControl "40/5400+30:900+30"]

1. c4 {[%emt 0:00:03]} Nf6 {[%emt 0:00:06]} 2. Nf3 {[%emt 0:00:05]} e6 {[%emt 0:00:07]} 3. g3 {[%emt 0:00:05]} d5 {[%emt 0:00:04]} 4. Bg2 {[%emt 0:00:06]} Be7 {[%emt 0:00:06]} 5. O-O {[%emt 0:00:12]} O-O {[%emt 0:00:07]} 6. d4 {[%emt 0:00:15]} dxc4 {[%emt 0:00:19]} 7. Ne5 {[%emt 0:00:12]} Nc6 {[%emt 0:00:08]} 8. Nxc6 {[%emt 0:00:06]} bxc6 {[%emt 0:00:04]} 9. Na3 {[%emt 0:00:08]} Bxa3 {[%emt 0:00:08]} 10. bxa3 {[%emt 0:00:03]} Ba6 {[%emt 0:00:11]} 11. Qd2 {[%emt 0:00:16]} Rb8 {[%emt 0:00:47]} 12. Qa5 {[%emt 0:00:46]} Rb6 {[%emt 0:00:59]} 13. Bg5 {[%emt 0:05:40]} h6 {[%emt 0:17:23]} 14. Bxf6 {[%emt 0:00:07]} Qxf6 {[%emt 0:01:54]} 15. e3 {[%emt 0:00:17]} Rfb8 {[%emt 0:04:41]} 16. Rfc1 {[%emt 0:05:49]} Rb2 {[%emt 0:09:15]} 17. f4 {[%emt 0:00:35]} R8b6 {[%emt 0:00:25]} 18. Qc3 {[%emt 0:04:59]} Qg6 {[%emt 0:13:12]} 19. e4 {[%emt 0:03:16]} Qh5 {[%emt 0:01:40]} 20. Rc2 {[%emt 0:01:13]} Rb1+ {[%emt 0:02:48]} 21. Rxb1 {[%emt 0:00:05]} Rxb1+ {[%emt 0:00:07]} 22. Rc1 {[%emt 0:00:08]} Rxc1+ {[%emt 0:04:23]} 23. Qxc1 {[%emt 0:00:07]} Qe2 {[%emt 0:00:06]} 24. f5 {[%emt 0:06:35]} exf5 {[%emt 0:03:36]} 25. exf5 {[%emt 0:00:36]} Qd3 {[%emt 0:00:19]} 26. Qf4 {[%emt 0:00:22]} c3 {[%emt 0:01:12]} 27. Be4 {[%emt 0:02:57]} Qd1+ {[%emt 0:01:30]} 28. Kf2 {[%emt 0:00:25]} Qf1+ {[%emt 0:00:18]} 0-1

[Event "Romanian-ch Open 2022"]
[Site "Eforie Nord"]
[Date "2022.02.21"]
[Round "2.26"]
[White "Sachilaru, Alexandru"]
[Black "Butolo, Alexandru-Mircea"]
[Result "1/2-1/2"]
[WhiteElo "2085"]
[BlackElo "1850"]
[Annotator "ChessBase"]
[PlyCount "75"]
[EventDate "2022.02.20"]
[EventType "swiss"]
[EventCountry "ROU"]
[SourceTitle "playchess.com"]
[Source "ChessBase"]
[SourceQuality "1"]
[TimeControl "40/5400+30:900+30"]

1. d4 {[%emt 0:00:09]} Nf6 {[%emt 0:01:13]} 2. c4 {[%emt 0:00:14]} e6 {[%emt 0:00:53]} 3. Nf3 {[%emt 0:00:43]} d5 {[%emt 0:03:01]} 4. g3 {[%emt 0:00:31]} c6 {[%emt 0:02:33]} 5. Bg2 {[%emt 0:01:15]} Bd6 {[%emt 0:01:38]} 6. Nc3 {[%emt 0:00:49]} Nbd7 {[%emt 0:09:53]} 7. O-O {[%emt 0:02:15]} dxc4 {[%emt 0:04:45]} 8. e4 {[%emt 0:06:54]} e5 {[%emt 0:06:48]} 9. Qe2 {[%emt 0:03:39]} O-O {[%emt 1:04:16]} 10. Qxc4 {[%emt 0:02:51]} Qc7 {[%emt 0:00:00]} 11. Bg5 {[%emt 0:05:50]} b5 {[%emt 0:00:00]} 12. Qe2 {[%emt 0:01:50]} b4 {[%emt 0:00:00]} 13. dxe5 {[%emt 0:05:56]} Bxe5 {[%emt 0:00:00]} 14. Nd1 {[%emt 0:02:27]} a5 {[%emt 0:00:00]} 15. Nxe5 {[%emt 0:02:52]} Qxe5 {[%emt 0:00:00]} 16. Bf4 {[%emt 0:01:07]} Qe6 {[%emt 0:00:00]} 17. Qc2 {[%emt 0:02:24]} Ba6 {[%emt 0:00:00]} 18. Re1 {[%emt 0:01:58]} Ne5 {[%emt 0:00:00]} 19. Bxe5 {[%emt 0:01:11]} Qxe5 {[%emt 0:00:00]} 20. Ne3 {[%emt 0:00:54]} Rfd8 {[%emt 0:00:00]} 21. Rad1 {[%emt 0:01:56]} Bb5 {[%emt 0:00:00]} 22. f4 {[%emt 0:02:33]} Qe6 {[%emt 0:00:00]} 23. b3 {[%emt 0:01:56]} h6 {[%emt 0:00:00]} 24. e5 {[%emt 0:04:50]} Nd5 {[%emt 0:00:00]} 25. Nxd5 {[%emt 0:00:37]} cxd5 {[%emt 0:00:00]} 26. Qc5 {[%emt 0:00:55]} Qc6 {[%emt 0:00:00]} 27. Rxd5 {[%emt 0:04:49]} Rxd5 {[%emt 0:00:00]} 28. Qxd5 {[%emt 0:00:05]} Qb6+ {[%emt 0:01:43]} 29. Kh1 {[%emt 0:00:30]} Rd8 {[%emt 0:00:06]} 30. Qf3 {[%emt 0:02:17]} Qd4 {[%emt 0:03:16]} 31. Qb7 {[%emt 0:05:36]} Qf2 {[%emt 0:01:51]} 32. Rg1 {[%emt 0:00:32]} Be2 {[%emt 0:01:08]} 33. Qc7 {[%emt 0:01:36]} Rd2 {[%emt 0:01:40]} 34. Qc8+ {[%emt 0:02:51]} Kh7 {[%emt 0:00:04]} 35. Qf5+ {[%emt 0:00:57]} Kg8 {[%emt 0:00:11]} 36. Qc8+ {[%emt 0:01:19]} Kh7 {[%emt 0:00:04]} 37. Qf5+ {[%emt 0:05:36]} Kg8 {[%emt 0:00:08]} 38. Qc8+ {[%emt 0:00:27]} 1/2-1/2

[Event "Romanian-ch Open 2022"]
[Site "Eforie Nord"]
[Date "2022.02.21"]
[Round "2.27"]
[White "Tamas, Christian-Arrydan"]
[Black "Popescu, Daniel-Vasilica"]
[Result "1-0"]
[WhiteElo "1833"]
[BlackElo "2064"]
[Annotator "ChessBase"]
[PlyCount "101"]
[EventDate "2022.02.20"]
[EventType "swiss"]
[EventCountry "ROU"]
[SourceTitle "playchess.com"]
[Source "ChessBase"]
[SourceQuality "1"]
[TimeControl "40/5400+30:900+30"]

1. d4 {[%emt 0:00:02]} Nf6 {[%emt 0:06:30]} 2. Nf3 {[%emt 0:00:15]} c5 {[%emt 0:00:04]} 3. d5 {[%emt 0:00:12]} e6 {[%emt 0:00:06]} 4. Nc3 {[%emt 0:00:12]} exd5 {[%emt 0:00:38]} 5. Nxd5 {[%emt 0:00:08]} Nxd5 {[%emt 0:00:04]} 6. Qxd5 {[%emt 0:00:08]} Nc6 {[%emt 0:00:04]} 7. e4 {[%emt 0:15:41]} Be7 {[%emt 0:00:20]} 8. Bc4 {[%emt 0:10:31]} O-O {[%emt 0:00:08]} 9. O-O {[%emt 0:00:14]} d6 {[%emt 0:00:05]} 10. c3 {[%emt 0:04:28]} Be6 {[%emt 0:03:59]} 11. Qd3 {[%emt 0:00:07]} a6 {[%emt 0:27:11]} 12. a4 {[%emt 0:07:14]} Na5 {[%emt 0:14:17]} 13. Bd5 {[%emt 0:07:46]} c4 {[%emt 0:04:49]} 14. Qd1 {[%emt 0:00:08]} Nb3 {[%emt 0:00:54]} 15. Ra3 {[%emt 0:02:04]} Nxc1 {[%emt 0:13:42]} 16. Qxc1 {[%emt 0:01:31]} Bxd5 {[%emt 0:00:03]} 17. exd5 {[%emt 0:00:09]} Bf6 {[%emt 0:00:33]} 18. Qf4 {[%emt 0:05:33]} Rc8 {[%emt 0:01:05]} 19. a5 {[%emt 0:16:17]} Rc5 {[%emt 0:01:06]} 20. Rd1 {[%emt 0:00:51]} Re8 {[%emt 0:03:14]} 21. Ra4 {[%emt 0:04:09]} Re2 {[%emt 0:03:25]} 22. Rb4 {[%emt 0:06:56]} Qc7 {[%emt 0:13:35]} 23. Qg4 {[%emt 0:09:37]} Re7 {[%emt 0:02:08]} 24. Nd2 {[%emt 0:03:50]} Rxd5 {[%emt 0:03:34]} 25. Rxc4 {[%emt 0:00:06]} Rc5 {[%emt 0:00:03]} 26. Rxc5 {[%emt 0:00:26]} dxc5 {[%emt 0:00:55]} 27. Ne4 {[%emt 0:02:23]} Be5 {[%emt 0:00:01]} 28. f4 {[%emt 0:00:28]} Bxf4 {[%emt 0:00:53]} 29. Qxf4 {[%emt 0:00:10]} Qc8 {[%emt 0:00:48]} 30. Nd6 {[%emt 0:02:37]} Qd8 {[%emt 0:00:39]} 31. Rf1 {[%emt 0:00:09]} Qc7 {[%emt 0:00:23]} 32. Nf5 {[%emt 0:00:32]} Re5 {[%emt 0:00:01]} 33. Qg3 {[%emt 0:00:34]} f6 {[%emt 0:00:22]} 34. Nh6+ {[%emt 0:00:25]} Kf8 {[%emt 0:00:45]} 35. Ng4 {[%emt 0:00:31]} Re7 {[%emt 0:00:05]} 36. Qxc7 {[%emt 0:00:04]} Rxc7 {[%emt 0:00:02]} 37. Rd1 {[%emt 0:00:42]} Ke7 {[%emt 0:00:31]} 38. Ne3 {[%emt 0:00:07]} Ke6 {[%emt 0:00:42]} 39. Kf2 {[%emt 0:00:38]} f5 {[%emt 0:01:22]} 40. Nc4 {[%emt 0:00:00]} Rc6 {[%emt 0:00:00]} 41. Re1+ {[%emt 0:00:57]} Kf6 {[%emt 0:01:02]} 42. Re8 {[%emt 0:00:12]} Rc7 {[%emt 0:00:19]} 43. Rd8 {[%emt 0:00:47]} f4 {[%emt 0:00:50]} 44. Rf8+ {[%emt 0:01:34]} Kg5 {[%emt 0:00:08]} 45. Ne5 {[%emt 0:00:33]} c4 {[%emt 0:00:42]} 46. Nf3+ {[%emt 0:00:22]} Kg6 {[%emt 0:00:02]} 47. Rxf4 {[%emt 0:00:08]} Rc5 {[%emt 0:00:09]} 48. Rxc4 {[%emt 0:00:09]} Rxa5 {[%emt 0:00:05]} 49. b4 {[%emt 0:01:18]} Ra2+ {[%emt 0:00:19]} 50. Kg3 {[%emt 0:00:06]} a5 {[%emt 0:00:07]} 51. Rc7 {[%emt 0:01:36]} 1-0